BUSINESS PROCESS REENGINEERING BREAKPOIN (Record no. 1870)
[ view plain ]
| 000 -LEADER | |
|---|---|
| fixed length control field | 00351nam a2200133Ia 4500 |
| 008 - FIXED-LENGTH DATA ELEMENTS--GENERAL INFORMATION | |
| fixed length control field | 240624s9999 xx 000 0 und d |
| 041 ## - LANGUAGE CODE | |
| Language code of text/sound track or separate title | eng |
| 082 ## - DEWEY DECIMAL CLASSIFICATION NUMBER | |
| Classification number | 658.4063 JOH |
| 100 ## - MAIN ENTRY--PERSONAL NAME | |
| Personal name | JOHANSSON HENRY J |
| 245 ## - TITLE STATEMENT | |
| Title | BUSINESS PROCESS REENGINEERING BREAKPOIN |
| 260 ## - PUBLICATION, DISTRIBUTION, ETC. | |
| Date of publication, distribution, etc. | 1993 |
| Place of publication, distribution, etc. | Chichester |
| Name of publisher, distributor, etc. | John Wiley |
| 300 ## - PHYSICAL DESCRIPTION | |
| Extent | xiv, : 241 : p. : cm. ; 24 |
| 365 ## - TRADE PRICE | |
| Currency code | |
| Withdrawn status | Lost status | Damaged status | Not for loan | Home library | Current library | Shelving location | Date acquired | Source of acquisition | Cost, normal purchase price | Full call number | Barcode | Date last seen | Copy number | Price effective from | Koha item type |
|---|---|---|---|---|---|---|---|---|---|---|---|---|---|---|---|
| IMTN | IMTN | Rack 31-B | 02/02/2005 | JBD | 17.90 | 658.4063 JOH | 1870 | 06/24/2024 | 1 | 06/24/2024 | Books |